[Event "Rematch?"]
[Site "http://www.queenalice.com/game.php?id=134695"]
[Date "2006.11.29"]
[Round "-"]
[White "gishnob"]
[Black "Metyx"]
[Result "0-1"]
[WhiteElo "1396"]
[BlackElo "1659"]

1. e4 e5 2. Bc4 Nf6 3. g4 Nxe4 4. d3 Ng5 5. h4 Ne6 6. Qf3 Bc5 7. c3 d6 8. Be3
Nd7 9. Bg5 f6 10. Be3 Bxe3 11. Qxe3 Nb6 12. Bxe6 Bxe6 13. d4 Bxg4 14. dxe5 dxe5
15. f3 Bf5 16. Nd2 Qd5 17. c4 Nxc4 18. Qc3 Nxd2 19. Qxd2 O-O-O 20. O-O-O Qc4+
21. Qc2 Qxc2# 0-1

[Event "Let's Play Chess!"]
[Site "http://www.queenalice.com/game.php?id=135425"]
[Date "2006.12.1"]
[Round "-"]
[White "celsoMartins"]
[Black "gishnob"]
[Result "1-0"]
[WhiteElo "1461"]
[BlackElo "1359"]

1. d4 e6 2. e4 b5 3. Bxb5 c6 4. Ba4 f5 5. e5 Ba6 6. Ne2 Bb4+ 7. c3 Bxe2 8. Qxe2
d6 9. cxb4 d5 10. Nd2 Nh6 11. Nb3 Na6 12. Bxc6+ Ke7 13. Bg5+ Kf8 14. Bxd8 Rxd8
15. Qxa6 Ra8 16. Bxa8 1-0

[Event "Let's Play Chess!"]
[Site "http://www.queenalice.com/game.php?id=139814"]
[Date "2006.12.11"]
[Round "-"]
[White "gishnob"]
[Black "Twinigo"]
[Result "0-1"]
[WhiteElo "1364"]
[BlackElo "2021"]

1. e4 d5 2. Bb5+ c6 3. Bd3 dxe4 4. Bxe4 Nf6 5. Nc3 e6 6. d4 Bb4 7. a3 Bxc3+ 8.
bxc3 Nxe4 9. Bf4 Qf6 10. Nh3 Nxc3 11. Qc1 Nd7 12. Qd2 Nb5 13. Bg5 Qxd4 14. Qxd4
Nxd4 15. O-O-O Nb5 16. Kb2 Nc7 17. Rhe1 O-O 18. Nf4 Nd5 19. Nxd5 cxd5 20. Be7
Re8 21. Bd6 b6 22. Rd4 Bb7 23. g4 Rac8 24. f4 Rc6 25. Bb4 Rec8 26. Rc1 Ba6 27.
f5 Ne5 28. fxe6 Nc4+ 29. Rxc4 Bxc4 30. Rd1 Rxe6 31. Rd4 Re2 32. Bd2 Rc5 33. Bb4
Rb5 34. h4 a5 35. g5 axb4 36. a4 Rc5 37. Rf4 Bd3 38. Rxb4 Rcxc2+ 39. Kb3 Bc4+
40. Rxc4 dxc4+ 41. Kb4 c3 42. Kb5 Rb2+ 43. Kc4 c2 0-1

[Event "Challenge"]
[Site "http://www.queenalice.com/game.php?id=145953"]
[Date "2006.12.24"]
[Round "-"]
[White "Lucifer"]
[Black "gishnob"]
[Result "0-1"]
[WhiteElo "1148"]
[BlackElo "1390"]

1. e4 e5 2. Qf3 Qf6 3. Qg3 Bc5 4. d3 d6 5. Nf3 Nc6 6. c3 Nh6 7. Be2 g5 8. Bxg5
Qg6 9. Nh4 Qg7 10. f4 f6 11. Bxh6 Qxg3+ 12. hxg3 exf4 13. gxf4 Rg8 14. d4 Bb6
15. Rg1 Ba5 16. Nd2 Ne7 17. O-O-O c5 18. Nc4 b6 0-1

[Event "Challenge"]
[Site "http://www.queenalice.com/game.php?id=153665"]
[Date "2007.1.13"]
[Round "-"]
[White "juleba"]
[Black "gishnob"]
[Result "1-0"]
[WhiteElo "1558"]
[BlackElo "1380"]

1. c4 d5 2. e3 h5 3. Nc3 c6 4. d4 dxc4 5. Bxc4 b5 6. Be2 f5 7. Bxh5+ Kd7 8. d5
Nf6 9. dxc6+ Kc7 10. Nxb5+ Kxc6 11. Qxd8 Kxb5 12. Be2+ Kc6 13. Bf3+ Ne4 14.
Qxc8+ Kb6 15. a4 Nd6 16. a5+ Kb5 17. Be2+ Kb4 18. Qc3# 1-0

[Event "I suck at chess :("]
[Site "http://www.queenalice.com/game.php?id=170008"]
[Date "2007.2.17"]
[Round "-"]
[White "gishnob"]
[Black "vulture"]
[Result "0-1"]
[WhiteElo "1362"]
[BlackElo "1442"]

1. e4 e5 2. Bc4 Nf6 3. d3 Bc5 4. Qd2 O-O 5. Nh3 c6 6. Ng5 d5 7. exd5 cxd5 8. Bb3
Bf5 9. f4 e4 10. dxe4 Qe8 11. Nc3 dxe4 12. Qe2 Bg4 13. Qb5 Qc8 14. Bd5 Bb6 15.
Bxf7+ Rxf7 16. Nxf7 Kxf7 17. Nxe4 Nxe4 18. Qd5+ Kf8 19. Qxe4 Bf5 20. Qe2 Bg4 21.
Qf1 Qe6+ 0-1

[Event "O Canada"]
[Site "http://www.queenalice.com/game.php?id=170554"]
[Date "2007.2.18"]
[Round "1"]
[White "gishnob"]
[Black "gomery"]
[Result "0-1"]
[WhiteElo "1349"]
[BlackElo "1828"]

1. e4 c6 2. Bc4 d5 3. exd5 cxd5 4. Bb5+ Nc6 5. Nf3 Nf6 6. Bxc6+ bxc6 7. Ne5 Qd6
8. f4 g6 9. h4 Bg7 10. d3 O-O 11. Qd2 Rb8 12. Qa5 Rb7 13. O-O Ng4 14. Nxg4 Bxg4
15. Be3 Bxb2 16. Na3 Bxa3 17. Bxa7 Rxa7 18. Qxa7 Bc5+ 19. Kh2 Bxa7 20. c4 Rb8
21. Rfb1 Qxf4+ 22. g3 Qf2+ 23. Kh1 Bf3# 0-1

[Event "Let's Play Chess!"]
[Site "http://www.queenalice.com/game.php?id=176020"]
[Date "2007.3.2"]
[Round "-"]
[White "gishnob"]
[Black "captainslog"]
[Result "0-1"]
[WhiteElo "1339"]
[BlackElo "1600"]

1. e4 c6 2. Bc4 d5 3. exd5 cxd5 4. Bb5+ Bd7 5. Bxd7+ Qxd7 6. d4 e6 7. f4 Bb4+ 8.
c3 Be7 9. g3 Nf6 10. Nf3 Nc6 11. Ne5 Nxe5 12. dxe5 Ne4 13. Nd2 Nxd2 14. Qxd2 O-O
15. O-O Bc5+ 16. Kg2 f5 17. b4 Bb6 18. h4 Qb5 19. Bb2 Rac8 20. Rac1 Rc6 21. Qd1
Be3 22. a4 Qc4 23. Ba3 Qa2+ 24. Rc2 Qxa3 25. Qa1 Qxa1 26. Rxa1 Rfc8 27. Re1 Rxc3
28. Rxc3 Rxc3 29. Re2 Rd3 30. b5 Rd2 31. Rxd2 Bxd2 32. Kf3 d4 33. Ke2 Be3 34.
Kd3 Kf7 35. h5 Ke7 0-1

[Event "Let's Play Chess!"]
[Site "http://www.queenalice.com/game.php?id=181501"]
[Date "2007.3.14"]
[Round "-"]
[White "schwam"]
[Black "gishnob"]
[Result "1-0"]
[WhiteElo "1639"]
[BlackElo "1347"]

1. d4 d5 2. Nf3 f5 3. Nc3 Be6 4. Bf4 Nf6 5. Ne5 c6 6. b4 Na6 7. a3 Ne4 8. Nxe4
b5 9. Ng3 h6 10. Nxc6 Qd7 11. Ne5 Qd6 12. Ng6 Qd7 13. Nxh8 Bf7 14. Nxf7 Kxf7 15.
e3 g5 16. Be5 Bg7 17. Bxg7 Kxg7 18. Nh5+ Kg6 19. f4 Qe6 20. Qe2 gxf4 21. Nxf4+
Kf6 22. Nxe6 Kxe6 23. Qxb5 Nc7 24. Qc6+ Kf7 25. Qxc7 Rf8 26. Qxa7 Rc8 27. Bd3
1-0

[Event "Let's Play Chess!"]
[Site "http://www.queenalice.com/game.php?id=188040"]
[Date "2007.3.26"]
[Round "-"]
[White "gishnob"]
[Black "Kronista"]
[Result "0-1"]
[WhiteElo "1341"]
[BlackElo "1707"]

1. e4 e5 2. Bc4 Nc6 3. Qf3 Nf6 4. g4 d6 5. Nc3 Bxg4 6. Qd3 Be7 7. Nd5 O-O 8. f3
Bh5 9. Nh3 Nxd5 10. Bxd5 Bh4+ 11. Nf2 Nb4 12. Qb3 Nxd5 13. Qxd5 c6 14. Qb3 d5
15. exd5 Qxd5 0-1

[Event "Let's Play Chess!"]
[Site "http://www.queenalice.com/game.php?id=265080"]
[Date "2007.9.1"]
[Round "-"]
[White "umdoistresredondoredondo"]
[Black "gishnob"]
[Result "1-0"]
[WhiteElo "1538"]
[BlackElo "1342"]

1. d4 d5 2. Nc3 Nf6 3. Bg5 Ne4 4. Nxe4 dxe4 5. c3 h6 6. Bf4 g5 7. Be3 c5 8. f3
Bf5 9. fxe4 Bxe4 10. dxc5 Qxd1+ 11. Rxd1 h5 12. Bxg5 f6 13. Rd4 fxg5 14. Rxe4
Nd7 15. b4 Bg7 16. e3 Bxc3+ 17. Kd1 Nf6 18. Rc4 Rd8+ 19. Kc2 Nd5 20. Ne2 Ba1 21.
Re4 Nxb4+ 22. Rxb4 Rd7 23. Nd4 Bxd4 24. exd4 Rf8 25. Bb5 Rf2+ 26. Kd3 a5 27.
Bxd7+ Kxd7 28. Rxb7+ Kd8 29. c6 Rxa2 30. Rf1 a4 31. Rf8# 1-0

[Event "Challenge"]
[Site "http://www.queenalice.com/game.php?id=267513"]
[Date "2007.9.5"]
[Round "-"]
[White "gishnob"]
[Black "ig0r"]
[Result "0-1"]
[WhiteElo "1334"]
[BlackElo "1628"]

1. e4 e5 2. Bc4 Bc5 3. c3 Qf6 4. d4 exd4 5. cxd4 Bb6 6. e5 Qc6 7. Bxf7+ Kxf7 8.
Qf3+ Qxf3 9. Nxf3 Ke8 10. O-O Ne7 11. Re1 d6 12. exd6 cxd6 13. Bg5 Nc6 14. Nc3
h6 15. Bxe7 Nxe7 16. Nd5 Bd8 17. Re4 Bf5 18. Re3 Bg4 19. h3 Bxf3 20. gxf3 Rc8
21. Rae1 Kf8 22. b4 Nxd5 23. Re6 Bc7 24. a3 Kf7 25. R1e4 Rhe8 26. Rxe8 Rxe8 27.
Rxe8 Kxe8 0-1

[Event "Challenge"]
[Site "http://www.queenalice.com/game.php?id=273493"]
[Date "2007.9.18"]
[Round "-"]
[White "gishnob"]
[Black "lezeu63"]
[Result "0-1"]
[WhiteElo "1330"]
[BlackElo "1655"]

1. e4 e5 2. Bc4 Nf6 3. Nc3 Bc5 4. Nf3 Nc6 5. O-O O-O 6. Ng5 d6 7. h3 h6 8. Nf3
Be6 9. Bxe6 fxe6 10. Nh4 Nxe4 11. Nxe4 Qxh4 12. Qe1 Nd4 13. c3 Nc2 14. Qe2 Nxa1
15. g3 Qxh3 16. Qd3 b6 17. b4 d5 18. Nxc5 bxc5 0-1